000 00866nam a2200253 a 4500
001 000023293
005 20200930022122.0
008 771019s1982 mx b 000 0 spa d
020 _a9681611209
040 _aDO-SdBNP
_cspa
_dBNPHU
041 1 7 _aspa
_heng
_2Código de idiomas MARC
082 _ann*
_bnn*
100 1 _aHandlin, Oscar.
_947967
240 1 0 _aTruth in history.
_lEspañol
245 1 3 _aLa verdad en la historia /
_cOscar Handlin ; traducción Mercedes Pizarro de Parlange.
260 _aMéxico, D. F. :
_bFondo de Cultura Económica,
_c1982.
300 _a427 p. ;
_c23 cm.
490 1 _aSelección de Obras de Historia
534 _aTítulo original :
_tTruth in history
500 _aIncluye índice analítico.
700 1 _aPizarro de Parlange, Mercedes,
_etr.
_947968
830 0 _aSelección de Obras de Historia
_947969
049 _aBNGR
999 _c22790
_d22790